00802cam a2200193 a 4500020001500000040000800015082002700023245007800050260005000128300003400178500002500212650001400237856006600251856006600317856006600383942000700449999001700456952013500473 a080396014X cDLC00a 371 COR 1992 A017 Or.00aKeys to the classroom :ba teacher's guide to the first month of school / aNewbury Park, Calif. :bCorwin Press,cc1992. axii, 187 p. :bill. ;c28 cm. aEnglish and Spanish. 0aTeaching.42uhttp://www.loc.gov/catdir/enhancements/fy0655/91036935-d.html41uhttp://www.loc.gov/catdir/enhancements/fy0655/91036935-t.html42uhttp://www.loc.gov/catdir/enhancements/fy0808/91036935-b.html cEK c11692d11692 0010406371_000000000000000_COR_1992_A066_OR70959913aLBAbLBAcA066d2017-08-04o371 COR 1992 A066 Or.pA21790r2017-08-04yEK